Films du Proche-Orient par images - Statistiques

Statistiques générales
  • Ce quiz a été pris 3 fois
  • Le résultat moyen est 3 sur 16
Statistiques - réponses
Par images Réponse % Correct
Valse avec Bachir
67%
Capharnaüm
33%
Cinq caméras brisées
33%
Intervention divine
33%
Paradise Now
33%
Sayat Nova
33%
Winter Sleep
33%
Yol, la permission
33%
Homeland : Irak année zéro
0%
Il était une fois un merle chanteur
0%
Journal
0%
Kippour
0%
Lebanon
0%
Les Saisons
0%
L'Institutrice
0%
Pour un seul de mes deux yeux
0%
Aucun quiz correspondant
Distribution des résultats
% des personnes avec chaque résultat
Percentile par nombre de réponses
Votre historique - résultats
Vous n’avez pas pris ce quiz